Регионална библиотека "Любен Каравелов" - Русе

Литературно образование и интерпретация на художествен текст в училище (Запис номер 119951)

MARC детайли
000 -Лидер
Контролно поле с фиксирана дължина 01821nam a2200397 a 4500
003 - Код на организацията, давaща контролен номер
Контролно поле BLK
005 - Дата и час на последна редакция
Контролно поле 20240731163021.0
008 - Елементи от данни с фиксирана дължина
fixed length control field 180409b bul|||||r ||||||| ||bul||
010 ## - Наследен системен номер
LC control number KNG00125567000
020 ## - Международен стандартен номер на книга ISBN
Международен стандартен номер на книга ISBN 954-8164-04-3
040 ## - Източник на каталожния запис
Идентификатор на билиотеката - собственик на записа BLK
041 ## - Код за език
Код за езика на текст/звукозапис или на отделно заглавие Български
Код за езика КДБФ Български
080 ## - УДК
Текстов определител УДК Литература в основното училище. Методика на обучението
УДК код - определител по УДК 373.3.016:821
УДК определител (072)
УДК - код + определител 373.3.016:821(072)
080 ## - УДК
Текстов определител УДК Литература
УДК код - определител по УДК 82
УДК определител (072)
УДК - код + определител 82(072)
100 1# - Редна дума - Автор
Автор Добрев, Добрин Начев
Авторска отговорност първи автор
R(LIN) 363307
139 ## - Редно поле
Редна дума Добрев, Добрин Начев и др.
Авторски знак До - Д 66
245 10 - Сведения за заглавието
Заглавие Литературно образование и интерпретация на художествен текст в училище
Подзаглавни данни Метод. ръководство за учители
Редно поле (дума) Добрин Начев Добрев; съавт. Теменуга Тенева.
257 ## - Страна на издаване
Страна на създаване/издаване България
260 ## - Област на издателските данни
Място на издаване, разпространение и проч. Шумен
Име на издателя, разпространителя и проч. Глаукс
Година на издаване 1992
Печатница Русе : Дунав прес
300 ## - Физическа характеристика
Страници 126 с.
Размери/Мащаб 20 см
380 ## - Жанр
Жанр Обществени науки
490 ## - СЕРИИ (Колекции)
Име на серия Нова литературна библиотека
№: серия Свит. 1
9 (RLIN) 201162
500 ## - Общи забележки
Забележка Офс. изд. - Библиогр. с. 122-124.
650 #4 - Допълнително описание по предмет – тема
Основно описание – тема или топоним Литература - методика на преподаването
9 (RLIN) 242854
653 ## - Ключова дума – ненормативна
Ключова дума литература
653 ## - Ключова дума – ненормативна
Ключова дума интерпретации
653 ## - Ключова дума – ненормативна
Ключова дума методика на преподаването
700 1# - Други автори (авторска отговорност)
Лично име Тенева, Теменуга
Автороска отговорност (Описва отношението между автора и произведението) съавт.
9 (RLIN) 316404
852 ## - Местоположение
Форматна сигнатура Цб 170931
Фондова буква Хранилище
856 4# - Електронен адрес и достъп
Електронен формат pdf - файл
Инструкция (цена за достъп) 0.00
Права за достъп disable
856 4# - Електронен адрес и достъп
Електронен формат pdf - файл
Инструкция (цена за достъп) 0.00
Права за достъп disable
999 ## - СИСТЕМНИ КОНТРОЛНИ НОМЕРА
Koha biblionumber 119951
Koha biblioitemnumber 119951
942 ## - АРТИКУЛИ
Вид на библиотечния материал Книги
Скрит в OPAC Не
Koha issues (borrowed), all copies 4
Периодичен библиозапис Да
944 ## - СЪЗДАВАНЕ И РЕДАКЦИЯ на ЗАПИСА
Създаване/Редакция Създаване
Дата на регистрацията/редакция 09.09.2011
Статус, дата на статуса Цветелина Шанова
Служител, извършил регистрацията/редакцията 30531
944 ## - СЪЗДАВАНЕ И РЕДАКЦИЯ на ЗАПИСА
Създаване/Редакция Редакция
Дата на регистрацията/редакция 12.10.2011
Статус, дата на статуса ф / 09.09.2011
999 ## - СИСТЕМНИ КОНТРОЛНИ НОМЕРА
Koha biblioitemnumber 119951
Наличности
Код за отписване Код за изгубен артикул Източник на класификационната схема Код за повреда Коз за рестрикции Код за отдаване Артикулен № Име на библиотеката - собственик Име на библиотеката, в която се намира в момента Статус (Текущо местоположение) Дата на вписване в системата Местоположение - отдел Цена в лева Инвентарен номер Систематично азбучна сигнатура Баркод Номер на екземпляра Цена в евро Служебна бележка Служебен тип на артикула
  Не е изгубен Universal Decimal Classification Не е повреден без рестрикции заемане за дома 193449 Регионална библиотека "Любен Каравелов" Русе Регионална библиотека "Любен Каравелов" Русе Заемна - подръчен фонд 2011-09-07 Заемна - подръчен фонд 3.00 120000752866 373.3.016:821/Д 66 Д 120000752866 1 1.53 Дост: DA Вид: А N: 14 Дата: 07.09.2011 Дата инв: 07.02.2018 Бележки инв: П2018 Книги
  Не е изгубен Universal Decimal Classification Не е повреден без рестрикции ползва се в читалня 193450 Регионална библиотека "Любен Каравелов" Русе Регионална библиотека "Любен Каравелов" Русе Хранилище 1992-01-01 Хранилище 16.90 574827 Цб 170931 120000574827 2 8.64 Дост: Dp Вид: Д N: стар фонд Дата: 01.01.1992 Книги
Изтеглен Не е изгубен Universal Decimal Classification Не е повреден без рестрикции заемане за дома 193451 Регионална библиотека "Любен Каравелов" Русе Регионална библиотека "Любен Каравелов" Русе Заемна - подръчен фонд 1992-01-01 Заемна - подръчен фонд 16.90 573467 П 372.88/Д 66 573467 3 8.64 Дост: Pk Вид: Ф N: стар фонд Дата: 01.01.1992 Дата инв: 07.02.2018 Бележки инв: П2018 Книги
Изтеглен Не е изгубен Universal Decimal Classification Не е повреден без рестрикции заемане за дома 193452 Регионална библиотека "Любен Каравелов" Русе Регионална библиотека "Любен Каравелов" Русе Заемна - подръчен фонд 1992-01-01 Заемна - подръчен фонд 16.90 573468 П 372.88/Д 66 120000573468 4 8.64 Дост: Pk Вид: Ф N: стар фонд Дата: 01.01.1992 Дата инв: 08.02.2018 Бележки инв: П2018 Книги
Изтеглен Не е изгубен Universal Decimal Classification Не е повреден без рестрикции заемане за дома 193453 Регионална библиотека "Любен Каравелов" Русе Регионална библиотека "Любен Каравелов" Русе Заемна - подръчен фонд 1992-01-01 Заемна - подръчен фонд 1.18 580169 П 372.88/Д 66 580169 5 0.60 Дост: Pk Вид: Ф N: стар фонд Дата: 01.01.1992 Книги
Изтеглен Не е изгубен Universal Decimal Classification Не е повреден без рестрикции заемане за дома 193454 Регионална библиотека "Любен Каравелов" Русе Регионална библиотека "Любен Каравелов" Русе Заемна - подръчен фонд 1992-01-01 Заемна - подръчен фонд 1.18 580170 П 372.88/Д 66 580170 6 0.60 Дост: Pk Вид: Ф N: стар фонд Дата: 01.01.1992 Дата инв: 07.02.2018 Бележки инв: П2018 Книги
Vip Innovations Ltd, Rousse, Bulgaria 2025